| 000 | 00528nam a22001577a 4500 | ||
|---|---|---|---|
| 090 | _c | ||
| 008 | 090126t xxu||||| |||| 00| 0 eng d | ||
| 020 | _a0273633007 | ||
| 082 |
_2 21 _a332.632 _bEDW |
||
| 245 |
_aKey financial instruments : _bUnderstanding and innovating in the world of derivatives / _cWarren Edwardes. |
||
| 260 |
_aLondon : _bFinancial Times/Prentice Hall, _cc2000. |
||
| 300 |
_axxii, 282p. : _c24cm. |
||
| 500 | _aIncludes index. | ||
| 504 | _a’Author’s publications’: p.272-274. | ||
| 942 |
_2ddc _cBB |
||
| 999 |
_c10408 _d10408 |
||